Flaggen Ozeaniens (alphabetische Reihenfolge) - Statistiken

Allgemein
  • Dieses Quiz wurde 24 mal gespielt
  • Das Durchschnittsergebnis liegt bei 12 aus 14
Antwortstatistiken
Bildquiz Antwort % Korrekt
Australien
100%
Nauru
100%
Neuseeland
100%
Fidschi
95%
Palau
95%
Papua-Neuguinea
95%
Kiribati
89%
Marshallinseln
89%
Tonga
84%
Vanuatu
84%
Samoa
74%
Tuvalu
74%
Mikronesien
68%
Salomonen
68%
Keine übereinstimmenden Quizze gefunden
Verteilung der Resultate
Anzahl Personen mit jedem Resultat
Perzentil nach korrekt beantworteten Fragen
Ihre Resultats-Entwicklung
Sie haben dieses Quiz noch nicht gespielt